Statistics for Countries with the Highest Freedom Index

Click here to take the quiz!

General Stats

  • This quiz has been taken 18 times
  • The average score is 8 of 10

Answer Stats

HintAnswer% Correct
8.98Denmark
93%
8.85Finland
93%
8.83Sweden
93%
8.85Canada
87%
9.11Switzerland
87%
8.84Australia
80%
8.90Ireland
80%
9.01New Zealand
80%
8.80Luxembourg
53%
8.91Estonia
40%

Score Distribution

Percentile by Number Answered

Percent of People with Each Score

Your Score History

You have not taken this quiz